| 000 | 01117cam a2200313Ia 4500 | ||
|---|---|---|---|
| 001 | ocn670410055 | ||
| 003 | TZ-ArACH | ||
| 005 | 2013071006346.0 | ||
| 008 | 101013s2010 fr e b 000 0 fre d | ||
| 020 | _a9782296124172 (pbk.) | ||
| 020 | _a2296124178 (pbk.) | ||
| 035 | _a(OCoLC)670410055 | ||
| 040 |
_aAUXAM _cTZ-ArACH _dLGG |
||
| 041 | _aFre | ||
| 049 | _aTZAA | ||
| 050 | 4 |
_aB105 _b.J87 |
|
| 245 | 0 | 0 |
_aVisages de la justice / _cOlivier Abel...[et al.] ; sous la direction de Jean-François Rey. |
| 260 |
_aParis : _bHarmattan, _c2010. |
||
| 300 |
_a359 p. ; _c22 cm. |
||
| 490 | 1 | _aLes rendez-vous d'Archimède | |
| 504 | _aIncludes bibliographical references (p. [351]-359). | ||
| 650 | 0 |
_aJustice (Philosophy) _912587 |
|
| 700 | 1 |
_aAbel, Olivier. _912585 |
|
| 700 | 1 |
_aRey, Jean François. _912586 |
|
| 830 | 0 |
_aRendez-vous d'Archimède. _912584 |
|
| 942 |
_2lcc _cBOOK |
||
| 999 |
_c2582 _d2582 |
||